00513nam a2200157 a 4500008004100000020001800041050001500059100002700074245012100101250001200222260004300234300002300277350001100300650001900311700002500330170314s2013 ||||||||||||||||| || u a9781416063919 aRD 598 Car aKouchoukos, Nicholas T11a Cardiac surgery .(4th ed.)cBy Nicholas T. Kouchoukos, Eugene H. Blackstone, Frank L. Hanley [and] James K. Kirklin a4th ed. aPhiladelphia:bElsevier Saundersc2013 axii, 2054p.: ill.. a469.00 aHEART--SURGERY aBlackstone, Eugene H